Creación de un gimnasio en carretera nueva hacia León, en municipio de Ciudad Sandino, departamento de Managua
Presenta la creación de un gimnasio en carretera nueva hacia León, en municipio de Ciudad Sandino, departamento de Managua, se realizó un estudio de mercado con el objetivo de evaluar la sostenibilidad comercial del proyecto, se determinaron los requerimientos técnicos necesarios en la creación...
| Main Authors: | , , |
|---|---|
| Other Authors: | |
| Format: | Tesis Section = Libro |
| Language: | Undetermined Spanish |
| Published: |
Managua
UNI
2015
|
| Subjects: |
| LEADER | 01385nam a2200301Ia 4500 | ||
|---|---|---|---|
| 008 | 240830s9999 xx 000 0 und d | ||
| 040 | |a BIBLIOTECA-RUPAP Mon 658.11 Ch512 | ||
| 041 | |a spa | ||
| 082 | |a Mon 658.11 Ch512 | ||
| 100 | 1 | |a Chavarría Torres, Pedro José | |
| 100 | 1 | |b Borda Estrada, Roxana Gabriel | |
| 100 | 1 | |c Aguilar Rodríguez, Manuel Alejandro | |
| 245 | 1 | 0 | |a Creación de un gimnasio en carretera nueva hacia León, en municipio de Ciudad Sandino, departamento de Managua |
| 260 | |a Managua |b UNI |c 2015 | ||
| 300 | |a 159 p. :il. | ||
| 500 | |a Contiene: anexos e Incluye: CD. | ||
| 502 | |a Tesis (Ingeniero Industrial)- UNI, 2015. | ||
| 520 | 3 | |a Presenta la creación de un gimnasio en carretera nueva hacia León, en municipio de Ciudad Sandino, departamento de Managua, se realizó un estudio de mercado con el objetivo de evaluar la sostenibilidad comercial del proyecto, se determinaron los requerimientos técnicos necesarios en la creación del gimnasio y se determinó la rentabilidad financiera por medio de indicadores financieros TIR y VPN. | |
| 650 | 7 | |a NUEVAS EMPRESAS – PROYECTOS | |
| 650 | 7 | |b EMPRENDEDORES | |
| 650 | 7 | |c NEGOCIOS | |
| 650 | 7 | |d ESTUDIO DE MERCADO | |
| 650 | 7 | |e ESTUDIO TECNICO | |
| 650 | 7 | |f ESTUDIO ECONOMICO | |
| 700 | 1 | |a Tutor: |b López Artola, Fernando José | |
| 942 | |c BK |2 ddc | ||
| 991 | |a TESIS | ||
| 999 | |c 16888 | ||